[Event "April 9 Late 2024"]
[Site "Chess.com"]
[Date "2024.04.09"]
[Round "3"]
[White "Ozates, Tuna"]
[Black "Mahdavi, Reza"]
[Result "0-1"]
[Board "51"]
[WhiteFideId "6354521"]
[BlackFideId "12595926"]
[WhiteTitle "FM"]
[BlackTitle "FM"]
[WhiteElo "2561"]
[BlackElo "2882"]
[WhiteTeam "TUR"]
[BlackTeam "IRI"]
[WhiteClock "0:00:52"]
[BlackClock "0:00:38"]
[Variant "Standard"]

1. e4 {[%clk 0:03:00]}  c5 {[%clk 0:02:59]} 2. Nf3 {[%clk 0:03:00]}  d6 {[%clk 0:02:59]} 3. Bb5+ {[%clk 0:03:00]}  Nd7 {[%clk 0:02:59]} 4. O-O {[%clk 0:02:59]}  Nf6 {[%clk 0:02:47]} 5. Re1 {[%clk 0:02:59]}  a6 {[%clk 0:02:43]} 6. Bf1 {[%clk 0:02:58]}  g6 {[%clk 0:02:43]} 7. c3 {[%clk 0:02:58]}  Bg7 {[%clk 0:02:42]} 8. d4 {[%clk 0:02:59]}  cxd4 {[%clk 0:02:42]} 9. cxd4 {[%clk 0:03:00]}  O-O {[%clk 0:02:42]} 10. Nc3 {[%clk 0:02:59]}  b5 {[%clk 0:02:41]} 11. a3 {[%clk 0:02:57]}  Bb7 {[%clk 0:02:42]} 12. h3 {[%clk 0:02:57]}  Rc8 {[%clk 0:02:42]} 13. e5 {[%clk 0:02:40]}  Nd5 {[%clk 0:02:34]} 14. e6 {[%clk 0:02:37]}  fxe6 {[%clk 0:02:26]} 15. Ng5 {[%clk 0:02:37]}  Nc7 {[%clk 0:02:23]} 16. Qg4 {[%clk 0:02:21]}  Nf6 {[%clk 0:02:18]} 17. Qh4 {[%clk 0:02:21]}  Qd7 {[%clk 0:02:14]} 18. Bd3 {[%clk 0:02:15]}  h6 {[%clk 0:01:59]} 19. Nge4 {[%clk 0:02:07]}  Nxe4 {[%clk 0:01:52]} 20. Nxe4 {[%clk 0:02:05]}  Rf5 {[%clk 0:01:48]} 21. Ng3 {[%clk 0:02:00]}  g5 {[%clk 0:01:45]} 22. Qh5 {[%clk 0:01:53]}  Rf6 {[%clk 0:01:45]} 23. Bxg5 {[%clk 0:01:52]}  hxg5 {[%clk 0:01:39]} 24. Qh7+ {[%clk 0:01:45]}  Kf8 {[%clk 0:01:39]} 25. Nh5 {[%clk 0:01:45]}  Ne8 {[%clk 0:01:40]} 26. Bg6 {[%clk 0:01:35]}  Rxg6 {[%clk 0:01:21]} 27. Qxg6 {[%clk 0:01:35]}  Qc6 {[%clk 0:01:12]} 28. Qxg5 {[%clk 0:01:28]}  Qd5 {[%clk 0:01:09]} 29. Qg4 {[%clk 0:01:26]}  Qf5 {[%clk 0:00:56]} 30. Rxe6 {[%clk 0:01:06]}  Qxg4 {[%clk 0:00:53]} 31. hxg4 {[%clk 0:01:07]}  Bxd4 {[%clk 0:00:53]} 32. Rae1 {[%clk 0:01:08]}  Rc7 {[%clk 0:00:51]} 33. Nf4 {[%clk 0:01:08]}  Kf7 {[%clk 0:00:50]} 34. g5 {[%clk 0:01:05]}  Be5 {[%clk 0:00:45]} 35. g6+ {[%clk 0:01:04]}  Kg8 {[%clk 0:00:46]} 36. Nh5 {[%clk 0:00:53]}  Bc8 {[%clk 0:00:38]} 37. R1xe5 {[%clk 0:00:53]}  dxe5 {[%clk 0:00:38]} 38. Rxa6 {[%clk 0:00:52]}  Bxa6 {[%clk 0:00:38]} 0-1

[Event "April 9 Late 2024"]
[Site "Chess.com"]
[Date "2024.04.09"]
[Round "3"]
[White "Bardyk, Artem"]
[Black "Cruz, William Ferreira Da"]
[Result "1-0"]
[Board "53"]
[WhiteFideId "34349979"]
[BlackFideId "2118050"]
[WhiteTitle "CM"]
[BlackTitle "FM"]
[WhiteElo "2833"]
[BlackElo "2360"]
[WhiteTeam "RUS"]
[BlackTeam "BRA"]
[WhiteClock "0:00:09"]
[BlackClock "0:00:06"]
[Variant "Standard"]

1. e4 {[%clk 0:03:00]}  e6 {[%clk 0:02:59]} 2. d4 {[%clk 0:03:00]}  d5 {[%clk 0:03:00]} 3. Nc3 {[%clk 0:03:00]}  Nf6 {[%clk 0:02:59]} 4. Bd3 {[%clk 0:03:00]}  c5 {[%clk 0:02:51]} 5. exd5 {[%clk 0:02:55]}  cxd4 {[%clk 0:02:44]} 6. Bb5+ {[%clk 0:02:54]}  Bd7 {[%clk 0:02:37]} 7. Bxd7+ {[%clk 0:02:53]}  Qxd7 {[%clk 0:02:33]} 8. Qxd4 {[%clk 0:02:51]}  Nc6 {[%clk 0:02:29]} 9. Qd1 {[%clk 0:02:45]}  Nxd5 {[%clk 0:02:28]} 10. Nxd5 {[%clk 0:02:44]}  Qxd5 {[%clk 0:02:28]} 11. Qxd5 {[%clk 0:02:44]}  exd5 {[%clk 0:02:27]} 12. Ne2 {[%clk 0:02:44]}  Bc5 {[%clk 0:02:24]} 13. O-O {[%clk 0:02:28]}  O-O {[%clk 0:02:23]} 14. Rd1 {[%clk 0:02:21]}  Rad8 {[%clk 0:02:20]} 15. a3 {[%clk 0:02:13]}  Rfe8 {[%clk 0:02:10]} 16. Kf1 {[%clk 0:02:13]}  a6 {[%clk 0:01:56]} 17. Bg5 {[%clk 0:02:06]}  f6 {[%clk 0:01:56]} 18. Bh4 {[%clk 0:02:05]}  h5 {[%clk 0:01:44]} 19. h3 {[%clk 0:02:02]}  Kf7 {[%clk 0:01:38]} 20. Rd2 {[%clk 0:01:57]}  Rd7 {[%clk 0:01:30]} 21. Rad1 {[%clk 0:01:55]}  Red8 {[%clk 0:01:30]} 22. Bg3 {[%clk 0:01:43]}  Ne7 {[%clk 0:01:25]} 23. b4 {[%clk 0:01:17]}  Bb6 {[%clk 0:01:19]} 24. c4 {[%clk 0:01:17]}  a5 {[%clk 0:01:07]} 25. c5 {[%clk 0:01:14]}  Ba7 {[%clk 0:01:05]} 26. Nc3 {[%clk 0:01:06]}  axb4 {[%clk 0:01:04]} 27. axb4 {[%clk 0:01:06]}  b6 {[%clk 0:01:00]} 28. Bd6 {[%clk 0:00:52]}  bxc5 {[%clk 0:00:58]} 29. bxc5 {[%clk 0:00:52]}  Nc8 {[%clk 0:00:36]} 30. Rxd5 {[%clk 0:00:43]}  Nxd6 {[%clk 0:00:35]} 31. cxd6 {[%clk 0:00:42]}  Bb8 {[%clk 0:00:32]} 32. Ne4 {[%clk 0:00:38]}  Ba7 {[%clk 0:00:29]} 33. Rxh5 {[%clk 0:00:37]}  g5 {[%clk 0:00:26]} 34. Rh7+ {[%clk 0:00:32]}  Ke6 {[%clk 0:00:25]} 35. Rxd7 {[%clk 0:00:33]}  Rxd7 {[%clk 0:00:25]} 36. g4 {[%clk 0:00:31]}  Ke5 {[%clk 0:00:25]} 37. f3 {[%clk 0:00:28]}  Bb8 {[%clk 0:00:24]} 38. Ke2 {[%clk 0:00:26]}  Bxd6 {[%clk 0:00:20]} 39. Rxd6 {[%clk 0:00:16]}  Rxd6 {[%clk 0:00:20]} 40. Nxd6 {[%clk 0:00:17]}  Kxd6 {[%clk 0:00:21]} 41. Ke3 {[%clk 0:00:18]}  Ke5 {[%clk 0:00:21]} 42. f4+ {[%clk 0:00:17]}  Kd5 {[%clk 0:00:18]} 43. Kf3 {[%clk 0:00:05]}  Kd4 {[%clk 0:00:15]} 44. fxg5 {[%clk 0:00:02]}  fxg5 {[%clk 0:00:14]} 45. Kg3 {[%clk 0:00:03]}  Ke5 {[%clk 0:00:13]} 46. h4 {[%clk 0:00:04]}  gxh4+ {[%clk 0:00:05]} 47. Kxh4 {[%clk 0:00:04]}  Kf6 {[%clk 0:00:06]} 48. Kh5 {[%clk 0:00:04]}  Kg7 {[%clk 0:00:06]} 49. Kg5 {[%clk 0:00:05]}  Kf7 {[%clk 0:00:05]} 50. Kh6 {[%clk 0:00:05]}  Kg8 {[%clk 0:00:05]} 51. Kg6 {[%clk 0:00:06]}  Kh8 {[%clk 0:00:05]} 52. Kf7 {[%clk 0:00:06]}  Kh7 {[%clk 0:00:06]} 53. g5 {[%clk 0:00:07]}  Kh8 {[%clk 0:00:05]} 54. Kg6 {[%clk 0:00:05]}  Kg8 {[%clk 0:00:06]} 55. Kh6 {[%clk 0:00:06]}  Kh8 {[%clk 0:00:06]} 56. g6 {[%clk 0:00:06]}  Kg8 {[%clk 0:00:07]} 57. g7 {[%clk 0:00:07]}  Kf7 {[%clk 0:00:07]} 58. Kh7 {[%clk 0:00:08]}  Kf6 {[%clk 0:00:06]} 59. g8=Q {[%clk 0:00:09]} 1-0

[Event "April 9 Late 2024"]
[Site "Chess.com"]
[Date "2024.04.09"]
[Round "3"]
[White "Venkatesh, Narayan"]
[Black "Shuvalova, Polina"]
[Result "0-1"]
[Board "54"]
[WhiteFideId "30987881"]
[BlackFideId "24171760"]
[WhiteTitle "CM"]
[BlackTitle "IM"]
[WhiteElo "2341"]
[BlackElo "2806"]
[WhiteTeam "USA"]
[BlackTeam "FID"]
[WhiteClock "0:00:17"]
[BlackClock "0:00:18"]
[Variant "Standard"]

1. d4 {[%clk 0:03:00]}  Nf6 {[%clk 0:02:59]} 2. c4 {[%clk 0:03:00]}  e6 {[%clk 0:02:59]} 3. Nc3 {[%clk 0:03:00]}  d5 {[%clk 0:03:00]} 4. cxd5 {[%clk 0:03:00]}  Nxd5 {[%clk 0:03:01]} 5. e4 {[%clk 0:02:59]}  Nxc3 {[%clk 0:03:02]} 6. bxc3 {[%clk 0:03:00]}  c5 {[%clk 0:03:03]} 7. Nf3 {[%clk 0:03:00]}  cxd4 {[%clk 0:03:03]} 8. cxd4 {[%clk 0:03:01]}  Bb4+ {[%clk 0:03:03]} 9. Bd2 {[%clk 0:03:02]}  Bxd2+ {[%clk 0:03:04]} 10. Qxd2 {[%clk 0:03:02]}  O-O {[%clk 0:03:05]} 11. Be2 {[%clk 0:03:00]}  b6 {[%clk 0:03:03]} 12. O-O {[%clk 0:03:00]}  Bb7 {[%clk 0:03:04]} 13. Qe3 {[%clk 0:03:01]}  Nd7 {[%clk 0:03:01]} 14. Rfd1 {[%clk 0:03:00]}  Nf6 {[%clk 0:03:00]} 15. Nd2 {[%clk 0:02:59]}  h6 {[%clk 0:02:59]} 16. Rac1 {[%clk 0:02:58]}  Rc8 {[%clk 0:02:59]} 17. f3 {[%clk 0:02:57]}  Qe7 {[%clk 0:02:58]} 18. Nc4 {[%clk 0:02:57]}  Rc7 {[%clk 0:02:54]} 19. Qa3 {[%clk 0:02:48]}  Qxa3 {[%clk 0:02:51]} 20. Nxa3 {[%clk 0:02:48]}  Rfc8 {[%clk 0:02:52]} 21. Rxc7 {[%clk 0:02:44]}  Rxc7 {[%clk 0:02:53]} 22. Nc4 {[%clk 0:02:36]}  Ba6 {[%clk 0:02:50]} 23. a4 {[%clk 0:02:16]}  Ne8 {[%clk 0:02:17]} 24. Nd6 {[%clk 0:02:04]}  Bxe2 {[%clk 0:02:07]} 25. Nxe8 {[%clk 0:02:04]}  Re7 {[%clk 0:01:56]} 26. Rd2 {[%clk 0:01:54]}  Bxf3 {[%clk 0:01:53]} 27. gxf3 {[%clk 0:01:53]}  Rxe8 {[%clk 0:01:54]} 28. Rc2 {[%clk 0:01:53]}  Rd8 {[%clk 0:01:53]} 29. Rc4 {[%clk 0:01:53]}  Rd7 {[%clk 0:01:53]} 30. Kf2 {[%clk 0:01:53]}  g5 {[%clk 0:01:53]} 31. Ke3 {[%clk 0:01:53]}  Kg7 {[%clk 0:01:54]} 32. a5 {[%clk 0:01:48]}  bxa5 {[%clk 0:01:51]} 33. Ra4 {[%clk 0:01:47]}  f5 {[%clk 0:01:48]} 34. Rxa5 {[%clk 0:01:45]}  f4+ {[%clk 0:01:47]} 35. Kd3 {[%clk 0:01:45]}  Rb7 {[%clk 0:01:41]} 36. Ra6 {[%clk 0:01:45]}  Kf7 {[%clk 0:01:39]} 37. d5 {[%clk 0:01:42]}  exd5 {[%clk 0:01:29]} 38. exd5 {[%clk 0:01:42]}  Rb6 {[%clk 0:01:01]} 39. Rxa7+ {[%clk 0:01:40]}  Kf6 {[%clk 0:01:02]} 40. Rh7 {[%clk 0:01:38]}  Rb3+ {[%clk 0:00:35]} 41. Kd4 {[%clk 0:01:00]}  Kg6 {[%clk 0:00:33]} 42. Rc7 {[%clk 0:00:45]}  Rxf3 {[%clk 0:00:33]} 43. d6 {[%clk 0:00:45]}  Rf1 {[%clk 0:00:33]} 44. d7 {[%clk 0:00:44]}  Rd1+ {[%clk 0:00:32]} 45. Ke5 {[%clk 0:00:42]}  Kh5 {[%clk 0:00:30]} 46. Ke6 {[%clk 0:00:40]}  f3 {[%clk 0:00:27]} 47. Rc3 {[%clk 0:00:40]}  g4 {[%clk 0:00:19]} 48. Rc2 {[%clk 0:00:39]}  Kh4 {[%clk 0:00:17]} 49. Ke7 {[%clk 0:00:37]}  Kh3 {[%clk 0:00:15]} 50. d8=Q {[%clk 0:00:33]}  Rxd8 {[%clk 0:00:16]} 51. Kxd8 {[%clk 0:00:34]}  h5 {[%clk 0:00:17]} 52. Ke7 {[%clk 0:00:34]}  h4 {[%clk 0:00:17]} 53. Rf2 {[%clk 0:00:25]}  g3 {[%clk 0:00:15]} 54. hxg3 {[%clk 0:00:15]}  Kxg3 {[%clk 0:00:15]} 55. Ra2 {[%clk 0:00:15]}  f2 {[%clk 0:00:15]} 56. Ra3+ {[%clk 0:00:16]}  Kg2 {[%clk 0:00:15]} 57. Ra2 {[%clk 0:00:16]}  Kg1 {[%clk 0:00:15]} 58. Rxf2 {[%clk 0:00:16]}  Kxf2 {[%clk 0:00:15]} 59. Kf6 {[%clk 0:00:17]}  h3 {[%clk 0:00:16]} 60. Kg5 {[%clk 0:00:17]}  h2 {[%clk 0:00:17]} 61. Kg6 {[%clk 0:00:18]}  h1=Q {[%clk 0:00:18]} 62. Kf7 {[%clk 0:00:17]}  Qf3+ {[%clk 0:00:18]} 0-1

[Event "April 9 Late 2024"]
[Site "Chess.com"]
[Date "2024.04.09"]
[Round "3"]
[White "Svane, Rasmus"]
[Black "Ghimoyan, Narek"]
[Result "1-0"]
[Board "63"]
[WhiteFideId "4657101"]
[BlackFideId "13315412"]
[WhiteTitle "GM"]
[BlackTitle "CM"]
[WhiteElo "2898"]
[BlackElo "2495"]
[WhiteTeam "GER"]
[BlackTeam "ARM"]
[WhiteClock "0:00:58"]
[BlackClock "0:00:20"]
[Variant "Standard"]

1. Nf3 {[%clk 0:03:00]}  Nf6 {[%clk 0:02:59]} 2. g3 {[%clk 0:03:00]}  d5 {[%clk 0:02:58]} 3. Bg2 {[%clk 0:03:00]}  e6 {[%clk 0:02:59]} 4. O-O {[%clk 0:03:01]}  Be7 {[%clk 0:02:59]} 5. c4 {[%clk 0:03:01]}  O-O {[%clk 0:03:00]} 6. b3 {[%clk 0:03:01]}  c6 {[%clk 0:02:55]} 7. Bb2 {[%clk 0:03:00]}  a5 {[%clk 0:02:56]} 8. Nc3 {[%clk 0:03:00]}  Nbd7 {[%clk 0:02:56]} 9. Qc2 {[%clk 0:02:56]}  Bd6 {[%clk 0:02:56]} 10. d4 {[%clk 0:02:52]}  Qe7 {[%clk 0:02:55]} 11. e4 {[%clk 0:02:52]}  dxe4 {[%clk 0:02:54]} 12. Nxe4 {[%clk 0:02:52]}  Nxe4 {[%clk 0:02:54]} 13. Qxe4 {[%clk 0:02:53]}  Nf6 {[%clk 0:02:55]} 14. Qc2 {[%clk 0:02:53]}  Ba3 {[%clk 0:02:54]} 15. Bc3 {[%clk 0:02:48]}  Bb4 {[%clk 0:02:54]} 16. Ne5 {[%clk 0:02:32]}  Bxc3 {[%clk 0:02:53]} 17. Qxc3 {[%clk 0:02:33]}  Nd7 {[%clk 0:02:50]} 18. c5 {[%clk 0:02:29]}  Nxe5 {[%clk 0:02:49]} 19. dxe5 {[%clk 0:02:29]}  Bd7 {[%clk 0:02:46]} 20. Rad1 {[%clk 0:02:26]}  Rfd8 {[%clk 0:02:45]} 21. Rd6 {[%clk 0:02:24]}  Be8 {[%clk 0:02:43]} 22. Rfd1 {[%clk 0:02:16]}  Rdb8 {[%clk 0:02:42]} 23. h4 {[%clk 0:02:13]}  a4 {[%clk 0:02:40]} 24. b4 {[%clk 0:02:13]}  h6 {[%clk 0:02:38]} 25. Be4 {[%clk 0:02:11]}  Qc7 {[%clk 0:02:36]} 26. Bc2 {[%clk 0:02:06]}  h5 {[%clk 0:02:30]} 27. Qf3 {[%clk 0:01:55]}  g6 {[%clk 0:02:28]} 28. g4 {[%clk 0:01:55]}  hxg4 {[%clk 0:02:26]} 29. Qxg4 {[%clk 0:01:56]}  b6 {[%clk 0:01:43]} 30. h5 {[%clk 0:01:33]}  bxc5 {[%clk 0:01:43]} 31. hxg6 {[%clk 0:01:28]}  fxg6 {[%clk 0:01:43]} 32. bxc5 {[%clk 0:01:12]}  Rb2 {[%clk 0:00:57]} 33. Bxg6 {[%clk 0:01:11]}  Bxg6 {[%clk 0:00:20]} 34. Rd7 {[%clk 0:00:58]} 1-0

[Event "April 9 Late 2024"]
[Site "Chess.com"]
[Date "2024.04.09"]
[Round "3"]
[White "Yanchenko, Roman"]
[Black "Saha, Ananda"]
[Result "1-0"]
[Board "68"]
[WhiteFideId "4137329"]
[BlackFideId "2619644"]
[WhiteTitle "FM"]
[BlackTitle "CM"]
[WhiteElo "2844"]
[BlackElo "2486"]
[WhiteTeam "RUS"]
[BlackTeam "CAN"]
[WhiteClock "0:00:56"]
[BlackClock "0:00:01"]
[Variant "Standard"]

1. d4 {[%clk 0:03:00]}  e6 {[%clk 0:03:00]} 2. Nf3 {[%clk 0:03:01]}  Nf6 {[%clk 0:02:59]} 3. Bf4 {[%clk 0:03:01]}  d5 {[%clk 0:02:58]} 4. e3 {[%clk 0:03:01]}  Bd6 {[%clk 0:02:59]} 5. Bg3 {[%clk 0:03:02]}  O-O {[%clk 0:02:59]} 6. c4 {[%clk 0:03:02]}  b6 {[%clk 0:02:58]} 7. Nc3 {[%clk 0:03:02]}  Bb7 {[%clk 0:02:58]} 8. Rc1 {[%clk 0:03:02]}  c5 {[%clk 0:02:52]} 9. dxc5 {[%clk 0:02:58]}  bxc5 {[%clk 0:02:50]} 10. cxd5 {[%clk 0:02:57]}  exd5 {[%clk 0:02:44]} 11. Bh4 {[%clk 0:02:53]}  Re8 {[%clk 0:02:27]} 12. Be2 {[%clk 0:02:52]}  d4 {[%clk 0:02:11]} 13. exd4 {[%clk 0:02:52]}  Bxf3 {[%clk 0:02:07]} 14. gxf3 {[%clk 0:02:52]}  cxd4 {[%clk 0:02:02]} 15. Qxd4 {[%clk 0:02:52]}  Nc6 {[%clk 0:02:01]} 16. Qa4 {[%clk 0:02:24]}  Ne5 {[%clk 0:01:50]} 17. O-O {[%clk 0:02:18]}  Ng6 {[%clk 0:01:31]} 18. Bg3 {[%clk 0:02:12]}  Qb6 {[%clk 0:01:19]} 19. Bb5 {[%clk 0:01:47]}  Red8 {[%clk 0:01:10]} 20. Qa6 {[%clk 0:01:36]}  Bxg3 {[%clk 0:00:58]} 21. hxg3 {[%clk 0:01:35]}  Qd4 {[%clk 0:00:55]} 22. Rcd1 {[%clk 0:01:34]}  Qb4 {[%clk 0:00:50]} 23. Bc6 {[%clk 0:01:24]}  Rab8 {[%clk 0:00:38]} 24. Qxa7 {[%clk 0:01:20]}  Qxb2 {[%clk 0:00:33]} 25. Ne4 {[%clk 0:01:19]}  Nxe4 {[%clk 0:00:28]} 26. Bxe4 {[%clk 0:01:20]}  Qf6 {[%clk 0:00:21]} 27. Rxd8+ {[%clk 0:01:13]}  Rxd8 {[%clk 0:00:20]} 28. a4 {[%clk 0:01:13]}  Ne5 {[%clk 0:00:20]} 29. Kg2 {[%clk 0:01:11]}  g5 {[%clk 0:00:16]} 30. Rh1 {[%clk 0:01:10]}  h6 {[%clk 0:00:15]} 31. a5 {[%clk 0:01:09]}  g4 {[%clk 0:00:14]} 32. f4 {[%clk 0:01:09]}  Nc4 {[%clk 0:00:13]} 33. Qc5 {[%clk 0:01:02]}  Qc3 {[%clk 0:00:05]} 34. Rxh6 {[%clk 0:00:59]}  Rd2 {[%clk 0:00:01]} 35. Qc8+ {[%clk 0:00:56]}  Kg7 {[%clk 0:00:01]} 36. Qh8# {[%clk 0:00:56]} 1-0

[Event "April 9 Late 2024"]
[Site "Chess.com"]
[Date "2024.04.09"]
[Round "3"]
[White "Boyer, Mahel"]
[Black "Pourkashiyan, Atousa"]
[Result "1-0"]
[Board "69"]
[WhiteFideId "45102422"]
[BlackFideId "12502014"]
[WhiteTitle "IM"]
[BlackTitle "WGM"]
[WhiteElo "2779"]
[BlackElo "2474"]
[WhiteTeam "FRA"]
[BlackTeam "USA"]
[WhiteClock "0:00:46"]
[BlackClock "0:00:00"]
[Variant "Standard"]

1. d4 {[%clk 0:03:00]}  Nf6 {[%clk 0:02:58]} 2. c4 {[%clk 0:03:01]}  e6 {[%clk 0:02:58]} 3. Nc3 {[%clk 0:03:01]}  Bb4 {[%clk 0:02:58]} 4. a3 {[%clk 0:03:02]}  Bxc3+ {[%clk 0:02:59]} 5. bxc3 {[%clk 0:03:03]}  d5 {[%clk 0:02:59]} 6. e3 {[%clk 0:03:01]}  O-O {[%clk 0:02:59]} 7. cxd5 {[%clk 0:03:01]}  exd5 {[%clk 0:02:59]} 8. Bd3 {[%clk 0:03:01]}  c5 {[%clk 0:03:00]} 9. Ne2 {[%clk 0:03:01]}  Nc6 {[%clk 0:02:58]} 10. O-O {[%clk 0:03:01]}  b6 {[%clk 0:02:58]} 11. f3 {[%clk 0:03:01]}  Re8 {[%clk 0:02:58]} 12. Ng3 {[%clk 0:03:00]}  g6 {[%clk 0:02:55]} 13. Ra2 {[%clk 0:02:57]}  Bb7 {[%clk 0:02:47]} 14. Re2 {[%clk 0:02:57]}  Rc8 {[%clk 0:02:19]} 15. Bb2 {[%clk 0:02:56]}  cxd4 {[%clk 0:01:30]} 16. cxd4 {[%clk 0:02:57]}  Na5 {[%clk 0:01:30]} 17. e4 {[%clk 0:02:54]}  Nc4 {[%clk 0:01:25]} 18. Ba1 {[%clk 0:02:54]}  Nxa3 {[%clk 0:01:21]} 19. e5 {[%clk 0:02:51]}  Nd7 {[%clk 0:01:18]} 20. f4 {[%clk 0:02:52]}  f5 {[%clk 0:01:14]} 21. Bxf5 {[%clk 0:02:45]}  gxf5 {[%clk 0:01:11]} 22. Nxf5 {[%clk 0:02:46]}  Nc4 {[%clk 0:00:57]} 23. Qd3 {[%clk 0:01:46]}  Nf8 {[%clk 0:00:40]} 24. Qg3+ {[%clk 0:01:23]}  Ng6 {[%clk 0:00:39]} 25. h4 {[%clk 0:01:24]}  Rf8 {[%clk 0:00:26]} 26. Qg4 {[%clk 0:01:09]}  Kh8 {[%clk 0:00:18]} 27. h5 {[%clk 0:01:08]}  Qd7 {[%clk 0:00:18]} 28. e6 {[%clk 0:01:05]}  Qe8 {[%clk 0:00:14]} 29. hxg6 {[%clk 0:01:03]}  Qxg6 {[%clk 0:00:14]} 30. Qxg6 {[%clk 0:01:02]}  hxg6 {[%clk 0:00:15]} 31. Ne7 {[%clk 0:01:02]}  Kg7 {[%clk 0:00:13]} 32. Nxc8 {[%clk 0:01:01]}  Bxc8 {[%clk 0:00:13]} 33. g4 {[%clk 0:00:55]}  Kf6 {[%clk 0:00:12]} 34. f5 {[%clk 0:00:52]}  Re8 {[%clk 0:00:12]} 35. g5+ {[%clk 0:00:46]}  Kg7 {[%clk 0:00:11]} 36. f6+ {[%clk 0:00:46]}  Kf8 {[%clk 0:00:08]} 37. f7 {[%clk 0:00:47]}  Re7 {[%clk 0:00:00]} 38. Rh2 {[%clk 0:00:46]} 1-0

[Event "April 9 Late 2024"]
[Site "Chess.com"]
[Date "2024.04.09"]
[Round "3"]
[White "Wagner, Dennis"]
[Black "Belmonte, Diego Mariano"]
[Result "1-0"]
[Board "70"]
[WhiteFideId "24650684"]
[BlackFideId "105856"]
[WhiteTitle "GM"]
[BlackTitle "FM"]
[WhiteElo "2778"]
[BlackElo "2473"]
[WhiteTeam "GER"]
[BlackTeam "ARG"]
[WhiteClock "0:00:15"]
[BlackClock "0:00:04"]
[Variant "Standard"]

1. e4 {[%clk 0:03:00]}  Nf6 {[%clk 0:02:59]} 2. Nc3 {[%clk 0:02:58]}  e5 {[%clk 0:02:55]} 3. Nf3 {[%clk 0:02:58]}  Nc6 {[%clk 0:02:54]} 4. Bb5 {[%clk 0:02:57]}  Bb4 {[%clk 0:02:54]} 5. O-O {[%clk 0:02:56]}  O-O {[%clk 0:02:46]} 6. d3 {[%clk 0:02:54]}  Bxc3 {[%clk 0:02:45]} 7. bxc3 {[%clk 0:02:53]}  d6 {[%clk 0:02:41]} 8. Re1 {[%clk 0:02:53]}  Ne7 {[%clk 0:02:37]} 9. d4 {[%clk 0:02:46]}  Bd7 {[%clk 0:01:43]} 10. Bf1 {[%clk 0:02:38]}  Bc6 {[%clk 0:01:36]} 11. d5 {[%clk 0:01:49]}  Bd7 {[%clk 0:01:34]} 12. Rb1 {[%clk 0:01:49]}  b6 {[%clk 0:01:32]} 13. Nh4 {[%clk 0:01:37]}  Ng6 {[%clk 0:01:25]} 14. Bg5 {[%clk 0:01:17]}  h6 {[%clk 0:01:23]} 15. Nxg6 {[%clk 0:01:16]}  fxg6 {[%clk 0:01:23]} 16. Bh4 {[%clk 0:01:12]}  g5 {[%clk 0:01:21]} 17. Bg3 {[%clk 0:01:12]}  Qe8 {[%clk 0:01:16]} 18. f3 {[%clk 0:00:56]}  Nh5 {[%clk 0:01:11]} 19. Bf2 {[%clk 0:00:55]}  Nf4 {[%clk 0:01:10]} 20. h3 {[%clk 0:00:52]}  Qh5 {[%clk 0:01:08]} 21. Be3 {[%clk 0:00:46]}  Rf6 {[%clk 0:00:55]} 22. Qd2 {[%clk 0:00:45]}  Raf8 {[%clk 0:00:54]} 23. Bxf4 {[%clk 0:00:20]}  gxf4 {[%clk 0:00:47]} 24. Bb5 {[%clk 0:00:20]}  Bxh3 {[%clk 0:00:40]} 25. gxh3 {[%clk 0:00:17]}  Qxh3 {[%clk 0:00:39]} 26. Qg2 {[%clk 0:00:15]}  Qh5 {[%clk 0:00:35]} 27. Kf2 {[%clk 0:00:14]}  Rg6 {[%clk 0:00:34]} 28. Qh1 {[%clk 0:00:14]}  Qg5 {[%clk 0:00:19]} 29. Rg1 {[%clk 0:00:14]}  Qf6 {[%clk 0:00:18]} 30. Rxg6 {[%clk 0:00:15]}  Qxg6 {[%clk 0:00:18]} 31. Rg1 {[%clk 0:00:16]}  Qf6 {[%clk 0:00:19]} 32. Bd7 {[%clk 0:00:15]}  Kh8 {[%clk 0:00:17]} 33. Bf5 {[%clk 0:00:15]}  a5 {[%clk 0:00:14]} 34. Rg6 {[%clk 0:00:15]}  Qf7 {[%clk 0:00:12]} 35. Rxh6+ {[%clk 0:00:14]}  gxh6 {[%clk 0:00:04]} 36. Qxh6+ {[%clk 0:00:15]} 1-0

[Event "April 9 Late 2024"]
[Site "Chess.com"]
[Date "2024.04.09"]
[Round "3"]
[White "Senft, Sean"]
[Black "Gavrilin, Roman"]
[Result "1/2-1/2"]
[Board "73"]
[WhiteFideId "2044960"]
[BlackFideId "54104564"]
[WhiteElo "2468"]
[BlackElo "2690"]
[WhiteTeam "USA"]
[BlackTeam "CAN"]
[WhiteClock "0:00:02"]
[BlackClock "0:00:07"]
[Variant "Standard"]

1. d4 {[%clk 0:02:52]}  Nf6 {[%clk 0:02:59]} 2. c4 {[%clk 0:02:52]}  e6 {[%clk 0:02:59]} 3. Nc3 {[%clk 0:02:52]}  Bb4 {[%clk 0:02:59]} 4. Nf3 {[%clk 0:02:52]}  b6 {[%clk 0:02:55]} 5. Bg5 {[%clk 0:02:52]}  Bb7 {[%clk 0:02:55]} 6. e3 {[%clk 0:02:52]}  h6 {[%clk 0:02:55]} 7. Bh4 {[%clk 0:02:53]}  g5 {[%clk 0:02:55]} 8. Bg3 {[%clk 0:02:53]}  Ne4 {[%clk 0:02:56]} 9. Qc2 {[%clk 0:02:54]}  Bxc3+ {[%clk 0:02:54]} 10. bxc3 {[%clk 0:02:53]}  d6 {[%clk 0:02:54]} 11. Bd3 {[%clk 0:02:54]}  f5 {[%clk 0:02:54]} 12. d5 {[%clk 0:02:53]}  e5 {[%clk 0:02:48]} 13. Bxe4 {[%clk 0:02:47]}  fxe4 {[%clk 0:02:38]} 14. Qxe4 {[%clk 0:02:46]}  Qe7 {[%clk 0:02:38]} 15. h4 {[%clk 0:02:40]}  Nd7 {[%clk 0:02:25]} 16. Qg6+ {[%clk 0:02:33]}  Qf7 {[%clk 0:02:25]} 17. Qxf7+ {[%clk 0:02:33]}  Kxf7 {[%clk 0:02:26]} 18. hxg5 {[%clk 0:02:33]}  e4 {[%clk 0:02:22]} 19. Nd2 {[%clk 0:02:11]}  hxg5 {[%clk 0:02:15]} 20. Ke2 {[%clk 0:02:06]}  Nc5 {[%clk 0:02:14]} 21. f3 {[%clk 0:01:59]}  exf3+ {[%clk 0:02:01]} 22. gxf3 {[%clk 0:01:59]}  Ba6 {[%clk 0:01:56]} 23. Bf2 {[%clk 0:01:38]}  Na4 {[%clk 0:01:51]} 24. Rhg1 {[%clk 0:01:14]}  Nxc3+ {[%clk 0:01:14]} 25. Kd3 {[%clk 0:01:13]}  Nxd5 {[%clk 0:01:11]} 26. Rxg5 {[%clk 0:01:05]}  Nf6 {[%clk 0:01:01]} 27. Rag1 {[%clk 0:00:46]}  d5 {[%clk 0:01:01]} 28. Rg7+ {[%clk 0:00:40]}  Ke6 {[%clk 0:01:01]} 29. Rxc7 {[%clk 0:00:38]}  dxc4+ {[%clk 0:01:01]} 30. Kc2 {[%clk 0:00:17]}  Rhc8 {[%clk 0:00:54]} 31. Rgg7 {[%clk 0:00:15]}  Rxc7 {[%clk 0:00:50]} 32. Rxc7 {[%clk 0:00:16]}  Nd5 {[%clk 0:00:50]} 33. Rh7 {[%clk 0:00:13]}  Nb4+ {[%clk 0:00:50]} 34. Kc3 {[%clk 0:00:12]}  Nxa2+ {[%clk 0:00:49]} 35. Kb2 {[%clk 0:00:12]}  Nb4 {[%clk 0:00:48]} 36. Ne4 {[%clk 0:00:11]}  Rc8 {[%clk 0:00:30]} 37. Rxa7 {[%clk 0:00:08]}  Bb5 {[%clk 0:00:22]} 38. Nc3 {[%clk 0:00:07]}  Bc6 {[%clk 0:00:22]} 39. Bg3 {[%clk 0:00:05]}  Bxf3 {[%clk 0:00:21]} 40. Nb5 {[%clk 0:00:02]}  Nd3+ {[%clk 0:00:22]} 41. Kc3 {[%clk 0:00:02]}  Bc6 {[%clk 0:00:21]} 42. Nd4+ {[%clk 0:00:03]}  Kd5 {[%clk 0:00:21]} 43. Rc7 {[%clk 0:00:01]}  Rxc7 {[%clk 0:00:20]} 44. Bxc7 {[%clk 0:00:02]}  b5 {[%clk 0:00:20]} 45. Nxc6 {[%clk 0:00:03]}  Kxc6 {[%clk 0:00:20]} 46. Ba5 {[%clk 0:00:03]}  Kc5 {[%clk 0:00:20]} 47. Bd8 {[%clk 0:00:03]}  b4+ {[%clk 0:00:20]} 48. Kd2 {[%clk 0:00:04]}  Kd5 {[%clk 0:00:20]} 49. Bf6 {[%clk 0:00:04]}  Ke4 {[%clk 0:00:21]} 50. Bd4 {[%clk 0:00:04]}  b3 {[%clk 0:00:21]} 51. Kc3 {[%clk 0:00:04]}  b2 {[%clk 0:00:21]} 52. Kc2 {[%clk 0:00:04]}  Kf3 {[%clk 0:00:12]} 53. Bxb2 {[%clk 0:00:03]}  Kxe3 {[%clk 0:00:11]} 54. Kc3 {[%clk 0:00:03]}  Ne5 {[%clk 0:00:10]} 55. Ba3 {[%clk 0:00:02]}  Ke4 {[%clk 0:00:10]} 56. Bd6 {[%clk 0:00:02]}  Nf7 {[%clk 0:00:07]} 57. Kxc4 {[%clk 0:00:02]} 1/2-1/2